Perayaan sempena ulang tahun hari keputeraan Kebawah Duli Yang Maha Mulia Al-Sultan Kelantan yang ke-51 : Negeri Aman Makmur, Tuanku Selamat Sejahtera&quot /

Bibliographic Details
Corporate Author: Jawatankuasa Penerbitan Buku Khas
Format: Book
Published: Kota Bharu: Jabatan Penerangan Kelantan, 2001.
Subjects:
LEADER 00890cam a2200193 7i4500
001 0000014048
005 20151104090000.0
005 ##20151104114500.0
003 ##MY-KlINT
039 # 9 |y 201511041145  |z VLOAD 
090 0 0 |a 394.409595121   |b PER 
110 0 # |a Jawatankuasa Penerbitan Buku Khas 
245 0 0 |a Perayaan sempena ulang tahun hari keputeraan Kebawah Duli Yang Maha Mulia Al-Sultan Kelantan yang ke-51 :   |b Negeri Aman Makmur, Tuanku Selamat Sejahtera&quot /   |c Jawatankuasa Penerbitan Buku Khas. 
260 # # |a Kota Bharu:   |b Jabatan Penerangan Kelantan,   |c 2001. 
300 # # |b ill. col;   |c 27cm. 
546 # # |a Dwibahasa, Bahasa Melayu dan Inggeris 
650 # 0 |a Kelantan --   |x Kings and rulers  
745 1 # |a On the Royal Occassion of the 51st birthday celebration of His Royal Highness the Sultan of Kelantan: A Peaceful State, A Prosperous Severeign 
999 |a 0000064578  |b BOOK  |c Main Non-Fiction  |e INTAN BK